Contabilidad del Estado / (Record no. 61622)

MARC details
000 -LEADER
campo de control de longitud fija 00844nam a2200205 i 4500
001 - NÚMERO DE CONTROL
campo de control 61622
003 - IDENTIFICADOR DE NÚMERO DE CONTROL
campo de control ES-MaACL
005 - FECHA Y HORA DE LA ÚLTIMA TRANSACCIÓN
campo de control 20250826051259.0
007 - CAMPO FIJO DE DESCRIPCIÓN FÍSICA--INFORMACIÓN GENERAL
campo de control de longitud fija t|
008 - DATOS DE LONGITUD FIJA--INFORMACIÓN GENERAL
campo de control de longitud fija 031113s1933 sp ||||1| spa d
100 1# - ENTRADA PRINCIPAL--NOMBRE DE PERSONA
Nombre de persona Fábregas del Pilar y Díaz de Cevallos, José María.
9 (RLIN) 48561
245 10 - MENCIÓN DEL TÍTULO
Título Contabilidad del Estado /
Mención de responsabilidad, etc. por José María Fábregas del Pilar Díaz de Ceballos y Alfonso Urzáy Miguélez, obra ajustada al programa de 30 de diciembre de 1932 para las oposiciones a ingreso en el Cuerpo Pericial de Contabilidad del Estado.
250 ## - MENCION DE EDICION
Mención de edición 1ª ed.
260 ## - PUBLICACIÓN, DISTRIBUCIÓN, ETC.
Lugar de publicación, distribución, etc. Madrid :
Nombre del editor, distribuidor, etc. [s.n.],
Fecha de publicación, distribución, etc. 1933 (
Fabricante Tall. Tip. de la Editorial Reus)
300 ## - DESCRIPCIÓN FÍSICA
Extensión 299 p. ;
Dimensiones 23 cm.
650 #7 - PUNTO DE ACCESO ADICIONAL DE MATERIA--TÉRMINO DE MATERIA
Término de materia o nombre geográfico como elemento de entrada Hacienda pública-
Subdivisión geográfica España
Fuente del encabezamiento o término
9 (RLIN) 13281
700 1# - ENTRADA AGREGADA--NOMBRE PERSONAL
Nombre de persona Urzáy Miguélez, Alfonso.
9 (RLIN) 112287
852 ## - LOCALIZACIÓN
Ubicación ES-MaACL
Número de control de estantería A-5114
Holdings
Estatus retirado Estado de pérdida Estado de daño No para préstamo Biblioteca de origen Biblioteca actual Ubicación en estantería Fecha de adquisición Fuente de adquisición Total de préstamos Signatura topográfica completa Código de barras Visto por última vez Precio de reemplazo Tipo de ítem Koha
        Biblioteca del Ateneo de Madrid Biblioteca del Ateneo de Madrid Sala Pecera Planta 1 17/01/2008     A-5114 1064613 23/02/2023 23/02/2023 Libro impreso